| 000 | 00972nam a2200241Ia 4500 | ||
|---|---|---|---|
| 999 |
_c52974 _d52974 |
||
| 001 | 20005 | ||
| 003 | GE_BSU | ||
| 005 | 20200528215431.0 | ||
| 008 | 181216s1978||||ge |||||||||||||| ||geo|| | ||
| 040 | _cGE_BSU | ||
| 041 | _ageo | ||
| 080 | _a81'374.221=353.1 ნ-44 | ||
| 100 |
_aნეიმანი, ალექსანდრე _98255 |
||
| 245 |
_aქართულ სინონიმთა ლექსიკონი / _cალექსანდრე ნეიმანი ; რედ. ირ. არაბული. |
||
| 250 | _aმე-3 გამოცემა | ||
| 264 |
_aთბილისი : _bგანათლება, _c1978. |
||
| 300 |
_a559 გვ. ; _c21სმ |
||
| 541 | _h5ლ.20თ. | ||
| 653 | _aქართულ სინონიმთა ლექსიკონები | ||
| 653 | _aქართული ენა | ||
| 700 |
_aარაბული, ირ. _eრედაქტორი _98256 |
||
| 942 |
_cBK _2udc |
||